Normal view
MARC view
Entry Personal Name
001 - CONTROL NUMBER
- control field: 25184
003 - CONTROL NUMBER IDENTIFIER
- control field: dpl
005 - DATE AND TIME OF LATEST TRANSACTION
- control field: 20110104143445.0
008 - FIXED-LENGTH DATA ELEMENTS
- fixed length control field: 110104|||a|||||| | ||| d
040 ## - CATALOGING SOURCE
- Original cataloging agency: dpl
- Transcribing agency: dpl
100 ## - HEADING--PERSONAL NAME
- Personal name: Shukla,Rajesh
670 ## - SOURCE DATA FOUND
- Source citation: Work cat.: (dpl): Shukla,Rajesh, Indian youth demographics and readership :, 2010
670 ## - SOURCE DATA FOUND
- Source citation: Work cat.: (dpl): Shukla,Rajesh, Indian youth demographics and readership :, 2010
